00722nam a2200253 a 4500001001300000003000900013005001700022008004100039020001000080082001500090100001800105245003700123260004400160300000900204500003500213505001700248650002200265650001300287700001800300902000800318942000700326952011800333999001700451nice12345678IN_TiNIC20260116015012.0050524s1970 cala grp 000 0 eng  ac10000a266.2bWIN aWinter, Ralph a25 Unblievable Yearsb 1945-1969 aCaliforniabWilliam Carey Libraryc1970 a112p aincludes index and biblioraphy2 aBibliography aEvangelistic Work aMissions1 aWinter, Ralph bSRS cBK 001040708StackRoom-aHMIbHMId2007-07-12g100.00l0o266.2 WINp11000181r2007-07-12v100.00w2005-05-24yBK c17912d17912